[Event "Jakarta Interzonal (Women)"]
[Site "Jakarta"]
[Date "1993.??.??"]
[Round "?"]
[White "Uskova, Fliura"]
[Black "Maric, Mirjana"]
[Result "1/2-1/2"]
[WhiteElo "2260"]
[BlackElo "2305"]
[PlyCount "84"]
[EventDate "1993.07.??"]
[EventType "swiss"]
[EventRounds "13"]
[EventCountry "INA"]
[SourceTitle "EXT 1997"]
[Source "ChessBase"]
[SourceDate "1996.11.15"]
[SourceVersion "1"]
[SourceVersionDate "1996.11.15"]
[SourceQuality "1"]

1. e4 d5 2. exd5 Qxd5 3. Nc3 Qa5 4. Bc4 Nf6 5. d4 c6 6. Nf3 Bg4 7. h3 Bh5 8. g4 Bg6 9. Bd2 Qb6 10. Bb3 e6 11. Qe2 Bb4 12. 0-0-0 Nbd7 13. Ne5 Nxe5 14. dxe5 Nd5 15. Ne4 0-0-0 16. Bg5 Be7 17. Bxe7 Nxe7 18. Rxd8+ Rxd8 19. Nd6+ Kb8 20. f4 Qd4 21. Rf1 f6 22. f5 exf5 23. gxf5 fxe5 24. fxg6 Qxd6 25. gxh7 Nd5 26. Qh5 Rh8 27. Bxd5 cxd5 28. Rf7 a6 29. Rxg7 Qf6 30. Rg8+ Ka7 31. Rxh8 Qf4+ 32. Kd1 Qf1+ 33. Kd2 Qf4+ 34. Ke2 Qh2+ 35. Kf3 Qf4+ 36. Ke2 Qh2+ 37. Kf1 Qf4+ 38. Ke1 Qg3+ 39. Kd1 Qg1+ 40. Kd2 Qd4+ 41. Ke2 Qe4+ 42. Kf2 Qd4+ 1/2-1/2